000 00835nas a22001937a 4500
999 _c121123
_d121123
007 ta
008 191004b2019 ||||| |||| 00| 0 eng d
041 _aeng
100 _aFaragher, Steven
245 _aThe future is paperless
490 _aEstates Gazette
_v(1939) 28 September 2019, 50-52 (3)
520 _aInvestigates the usage and validity of electronic signatures and their application in property transactions. Reviews the Law commission's report on the electronic execution of documents and deeds and outlines its recommendations. Summarises the current legal position of electronic signatures.
650 _aElectronic signatures
650 _aLaw of Property (Miscellaneous Provisions) Act 1989, Section 2
650 _aDeeds
651 _aUnited Kingdom 1973
690 _96269
_aSales
700 _aMcCastman, Rachel